000 00380nam a2200145Ia 4500
008 230917s9999||||xx |||||||||||||| ||und||
040 _e178879
_aMAIN
041 _aEnglish
082 _a570 D262D
100 _aCarugo, Oliviero, ed.
245 0 _aData mining techniques for the life sciences
260 _aNew York
_bHumana Press
_c2010
300 _axii, 407 p.
942 _cBK
999 _c156790
_d156790